书目信息 |
| 题名: |
海洋谜团
|
|
| 作者: | ;大华文苑 编著 | |
| 分册: | ||
| 出版信息: | 赤峰 内蒙古科学技术出版社 2020.2 |
|
| 页数: | 168页 | |
| 开本: | 24cm | |
| 丛书名: | ||
| 单 册: | ||
| 中图分类: | P7 | |
| 科图分类: | ||
| 主题词: | 海洋--普及读物 | |
| 电子资源: | ||
| ISBN: | 978-7-5380-2141-7 | |
| 000 | 00762nam0 2200253 45 | |
| 001 | 012001002151 | |
| 005 | 20140913131705.0 | |
| 010 | @a978-7-5380-2141-7@dCNY38.80 | |
| 096 | @aP7-49@bdhw | |
| 100 | @a20120614d2012 em y0chiy50 ea | |
| 101 | 0 | @achi |
| 102 | @aCN@b150000 | |
| 105 | @aa z 000yy | |
| 106 | @ar | |
| 200 | 1 | @a海洋谜团@Ahai yang mi tuan@b专著@f大华文苑编著 |
| 210 | @a赤峰@c内蒙古科学技术出版社@d2020.2 | |
| 215 | @a168页@c图@d24cm | |
| 300 | @a破译天下谜团 | |
| 330 | @a本书内容包括海洋疑团、海洋怪象、海洋谜底等,将未解之谜与科学研究结合起来启迪思考,激发探索精神。 | |
| 606 | 0 | @a海洋@j普及读物 |
| 690 | @aP7@v5 | |
| 711 | 02 | @a大华文苑@Ada hua wen yuan@4编著 |
| 801 | 0 | @aCN@bBJSDL@c20211011 |
| 905 | @b1338632-5@dP7@e128@f4 | |
| 海洋谜团/大华文苑编著.-赤峰:内蒙古科学技术出版社,2020.2 |
| 168页:图;24cm |
| 破译天下谜团 |
| ISBN 978-7-5380-2141-7:CNY38.80 |
| 本书内容包括海洋疑团、海洋怪象、海洋谜底等,将未解之谜与科学研究结合起来启迪思考,激发探索精神。 |
| ● |
| 相关链接 |
|
|
|
|
正题名:海洋谜团
索取号:P7/128
 
预约/预借
| 序号 | 登录号 | 条形码 | 馆藏地/架位号 | 状态 | 备注 |
| 1 | 1338632 | 213386325 | 第二样本阅览室/ [索取号:P7/128] | 在馆 | |
| 2 | 1338633 | 213386334 | 第三借阅区/ [索取号:P7/128] | 在馆 | |
| 3 | 1338634 | 213386343 | 第三借阅区/ [索取号:P7/128] | 在馆 | |
| 4 | 1338635 | 213386352 | 第三借阅区/ [索取号:P7/128] | 在馆 |